000 00929nas a2200301 4500
001 BR0901985
003 BR-BrBNA
005 20231205112641.0
007 ta
008 230509b bl.|||p| |||| 00| 00por d
040 _aBR-BrBNA
_bpor
_cBiblioteca Nacional de Agricultura
041 _a(Pt)
072 _aP01; A50; A01
100 1 _aStephanes, R.
245 1 _aRedução de emissão de gases de efeito estufa
650 _aBIOMASSA
650 _aRECURSO ENERGÉTICO
650 _aPOLÍTICA AMBIENTAL
650 _aPOLÍTICA AGRÍCOLA
650 _aPESQUISA
650 _aMEIO AMBIENTE
650 _aCRÉDITO
650 _aAGRICULTURA SUSTENTÁVEL
773 0 _tRevista de Política Agrícola (Brazil)
_xISSN 1413-4969
_g(Oct-Dec 2008), v. 17(4) p. 3-5
_wBR0901985
856 4 _uRev_Pol_Agr_v17_n4-2008.pdf#page=5
_yRecurso eletrônico (PDF)
909 _a202311
_bLúcia
_c55
_dLúcia Elande
942 _2AGRIS
_n0
_cANA
999 _c199177
_d199177